Welcome to the Holygrace Academy Library

Please use search bar below to get started

GITANJALI (Record no. 4021)

MARC details
000 -LEADER
fixed length control field 00263nam a22001217a 4500
082 ## - DEWEY DECIMAL CLASSIFICATION NUMBER
Classification number 821
Item number TAG/G
100 ## - MAIN ENTRY--AUTHOR NAME
Personal name RABINTHRANATH TAGORE
245 ## - TITLE STATEMENT
Title GITANJALI
260 ## - PUBLICATION, DISTRIBUTION, ETC. (IMPRINT)
Place of publication NEW DELHI
Name of publisher MACMILLAN
300 ## - PHYSICAL DESCRIPTION
Number of Pages 87
650 ## - SUBJECT ADDED ENTRY--TOPICAL TERM
Topical Term A COLLECTION OF PROSE
Geographic subdivision DELHI
942 ## - ADDED ENTRY ELEMENTS (KOHA)
Koha item type Books
Holdings
Withdrawn status Lost status Collection code Home library Current library Shelving location Date acquired Source of acquisition Full call number Accession Number Koha item type
    Non-fiction Main Library Main Library SHELF-16D -ENGLISH GRAMMAR ,POEMS 10/10/2006 PURCHASE 821 TAG/G 03434 Books